Zvyšovanie konkurencieschopnosti prostredníctvom inovácií vo firme Mercedes-Benz bakalárska práca

Enregistré dans:
Détails bibliographiques
Auteur principal: Kosák, Michal
Collectivité auteur: Obchodná fakulta EU. Katedra tovaroznalectva a kvality tovaru
Autres auteurs: Knošková, Ľubica, 1965-
Format: Livre
Langue:slovaque
Publié: Bratislava 2011
Tags: Ajouter un tag
Pas de tags, Soyez le premier à ajouter un tag!

MARC

LEADER 00000nbm a2200000 4500
001 0132000
005 20161109111425.1
041 0 |a slo 
044 |a SK 
245 1 0 |a Zvyšovanie konkurencieschopnosti prostredníctvom inovácií vo firme Mercedes-Benz  |b bakalárska práca  |c Michal Kosák ; školiteľ: Ľubica Knošková 
264 1 |a Bratislava  |c 2011 
300 |a 46 s. 
100 1 |a Kosák, Michal 
700 1 |a Knošková, Ľubica, 1965- 
710 2 |a Obchodná fakulta EU. Katedra tovaroznalectva a kvality tovaru